Informe del proyecto de investigación: situación actual del cooperativismo en América Central /
Esta investigación es un diagnóstico que muestra la situación del cooperativismo salvadoreño a inicio s de la década de 1990; partiendo desde sus orígenes. Se analiza la participación estatal, la articulación del cooperativismo con el aparato institucional del Estado; su importancia socio-económica,...
Guardado en:
| 主要作者: | |
|---|---|
| Autores Corporativos: | , , |
| 格式: | 未知 |
| 語言: | Spanish |
| 出版: |
Costa Rica :
CSUCA ; Universidad de Costa Rica. Instituto de Investigaciones Sociales
1991
|
| 主題: | |
| 標簽: |
添加標簽
沒有標簽, 成為第一個標記此記錄!
|
MARC
| LEADER | 00000 a2200000 04500 | ||
|---|---|---|---|
| 001 | 42863 | ||
| 003 | cru CIDCACS/IIS | ||
| 005 | 20230612120744.0 | ||
| 008 | 050613s1991 cr spa d | ||
| 020 | |a [sin ISBN] | ||
| 040 | |c CRAI/IIS | ||
| 090 | |a 03.03.04 H557s | ||
| 100 | |a Rojas Víquez, Marielos |e coordinadora | ||
| 245 | |a Informe del proyecto de investigación: |b situación actual del cooperativismo en América Central / |c Marielos Rojas Víquez, coordinadora | ||
| 260 | |a Costa Rica : |b CSUCA ; Universidad de Costa Rica. Instituto de Investigaciones Sociales |c 1991 | ||
| 300 | |a 1 volumen | ||
| 500 | |a El Cidcacs solo tiene el tomo I | ||
| 505 | |a El cooperativismo en Nicaragua: 1980-1990 -- Situación actual del cooperativismo en Centro América: caso Guatemala -- La situación actual del cooperativismo en El Salvador | ||
| 520 | |a Esta investigación es un diagnóstico que muestra la situación del cooperativismo salvadoreño a inicio s de la década de 1990; partiendo desde sus orígenes. Se analiza la participación estatal, la articulación del cooperativismo con el aparato institucional del Estado; su importancia socio-económica, la participación de la mujer, el nivel de investigación, sus problemas y sus necesidades. | ||
| 590 | |a RRA/MARZO2012 | ||
| 650 | |a COOPERATIVAS | ||
| 650 | |a EVALUACION | ||
| 650 | |a EL SALVADOR | ||
| 650 | |a CONDICIONES SOCIALES | ||
| 650 | |a POLITICA GUBERNAMENTAL | ||
| 650 | |a ESTADO | ||
| 650 | |a PARTICIPACION DE LA MUJER | ||
| 710 | |a CSUCA | ||
| 710 | |a Universidad de Costa Rica | ||
| 710 | |b Insituto de Investigaciones Sociales | ||
| 942 | |2 ddc |c LITG |h 03.03.04 H557s |i 01416 |6 030304_H557S_01416 | ||
| 999 | |c 17583 |d 17583 | ||
